Sematary Discography - Statistics

General Stats
  • This quiz has been taken 100 times
  • The average score is 12 of 45
Answer Stats
Year Type Answer % Correct
2019 Album Rainbow Bridge
96%
2020 Album Rainbow Bridge 2
96%
2021 Album Rainbow Bridge 3
94%
2019 Album Grave House
87%
2021 Album Screaming Forest
77%
2020 EP Warboy
76%
2022 Album Butcher House
63%
2022 Single Bleed A River
29%
2020 Single The Wagoner
29%
2020 Single Chainsaw Party
27%
2020 Single Chainsaw Party
27%
2019 Single I Hate Myself
27%
2020 Single Worlds A Fuck
26%
2020 Single 9 Scarecrows
23%
2021 Single Necromanser
23%
2020 Single 1312
22%
2021 Single Crucifixion
22%
2020 Album Hundred Acre Wrist Hosted by DJ Sorrow
22%
2019 Single Slaughter House
21%
2021 Single Willows
21%
2020 Single Flowers
19%
2019 Single Fury Road
19%
2021 Single Redwoods
19%
2019 Single Toy Barn
19%
2019 Single Bunny Suit
18%
2019 Single New Rocks
18%
2020 Single Strawman
18%
2020 Single Disorder
17%
2020 Single Hollows
14%
2020 Single My Shadow
14%
2021 Single Adam & Eve
13%
2020 Single Creepin' Thru da Woods
13%
2020 Single Red Mist
12%
2019 Single Toolbox
12%
2020 Single Heffalumps
10%
2021 Single Skin Mask 2
10%
2020 Single Funeral
9%
2020 Single Skinwalker
9%
2020 Single Deer God
8%
2021 Single O Harvest Moon
8%
2020 Single Forever Box
5%
2020 Single Skincarver
5%
2020 Single Cop Killer (2019)
3%
2020 Album Hundred Acre Wrist Instrumental
3%
2022 Single Graveyard Cutter
1%
No matching quizzes found
Score Distribution
Percent of People with Each Score
Percentile by Number Answered
Your Score History
You have not taken this quiz